00610ntaaa2200181 45000030003000000050017000030080021000200400037000410820017000781000023000952450034001182500010001522600054001623000010002165000170002266500010003966500022004060120251027202959.00714s1973 ag 01  aAR-BaBNbspacAR-BaBNeaacrdRIC a982.0730 T63 aTorrasa, Atilio E  aMitre, paladín del laicismo a1 ed. aBuenos Aires : bEdiciones de "Sarmiento", c1957 a182 p aCon la reproducción de once enérgicos y enjundiosos artículos publicados por Mitre como editoriales en La Nación, de 1883-1884, en favor de la escuela laica. aMitre aEnseñanza laica